Geography Quiz

Random Geography or World Quiz
Score 0/16 Timer 02:00
0 Plays Today
Question Answer Wrong Answers
Cairo Egypt
96.5%
Turkey
0.4%
Libya
0.3%
Jordan
0.3%
Copenhagen Denmark
94.9%
The Netherlands
2.1%
Namibia
0.2%
Suriname
0.2%
Dublin Ireland
93.9%
Iceland
3%
United Kingdom
0.2%
Germany
0.4%
Canberra Australia
93.2%
Canada
1%
Papua New Guinea
2%
Samoa
1.1%
Djibouti Djibouti
91.4%
United Arab Emirates
1.9%
Ethiopia
2.1%
Somalia
2%
Caracas Venezuela
90.3%
Bahrain
1.1%
Nicaragua
4.7%
Eritrea
1.1%
Damascus Syria
87.6%
Iraq
1.3%
Lebanon
5.6%
Libya
2.7%
Doha Qatar
78.5%
Bahrain
8.7%
Eritrea
3.6%
Yemen
6.2%
Dakar Senegal
75.7%
Morocco
7.5%
Chad
6.7%
Niger
7.1%
Chisinau Moldova
73.5%
North Macedonia
10%
Mauritania
9.4%
Malta
3.8%
Dhaka Bangladesh
68.5%
Senegal
16.1%
The Gambia
5.2%
Bhutan
7.3%
Dili Timor-Leste
66.1%
South Sudan
8%
Malawi
14.6%
Brunei
8%
Conakry Guinea
56.7%
Cameroon
12.9%
Liberia
9.2%
Gabon
17.8%
Castries Saint Lucia
55.7%
Saint Vincent and the Grenadines
33.4%
El Salvador
4.5%
Ecuador
2.9%
Dushanbe Tajikistan
52.5%
Afghanistan
2.4%
Uzbekistan
18.1%
Turkmenistan
23.6%
Dodoma Tanzania
51.1%
Mozambique
23.6%
Kenya
3.2%
Zambia
18.7%
Remove Ads.
Support Sporcle.
Get the best of Sporcle when you Go Orange. This ad-free experience offers more features, more stats, and more fun while also helping to support Sporcle. Thank you for becoming a member.

You're not logged in!

Compare scores with friends on all Sporcle quizzes.
OR
Log In

Sporcle TV

Today on Sporcle TV


Watch our educational content, quiz creation guides, and fun videos on Sporcle TV.

Show Comments

Extras

Top Quizzes Today


Score Distribution

Paid Content

Your Account Isn't Verified!

In order to create a playlist on Sporcle, you need to verify the email address you used during registration. Go to your Sporcle Settings to finish the process.

Report this User

Report this user for behavior that violates our Community Guidelines.

Details: